Statistics for Electric Light Orchestra - Mr. Blue Sky - Lyrics

Click here to take the quiz!

General Stats

  • This quiz has been taken 15 times
  • The average score is 205 of 261

Answer Stats

Answer% Correct
a
100%
A
100%
be
100%
Blue,
100%
Blue
100%
Mr.
100%
to
100%
You
100%
you
100%
day,
92%
day
92%
here
92%
hey
92%
Hey
92%
it
92%
It's
92%
Sky
92%
sky
92%
the
92%
there
92%
There
92%
And
85%
beautiful
85%
do
85%
is
85%
so
85%
today,
85%
today
85%
why
85%
ain't
77%
avenue
77%
away
77%
cloud
77%
did
77%
don't
77%
down
77%
Everybody
77%
everybody
77%
for
77%
go
77%
had
77%
in
77%
know
77%
long
77%
no
77%
On
77%
on
77%
please
77%
rainin'
77%
shinin'
77%
sight
77%
stopped
77%
Sun
77%
sun
77%
tell
77%
us
77%
we
77%
Where
77%
where
77%
with
77%
your
77%
brightly
69%
comes
69%
everybody's
69%
hand
69%
hide
69%
his
69%
how
69%
human
69%
Night
69%
over
69%
race
69%
Running
69%
See
69%
see
69%
shines
69%
shoulder
69%
soon
69%
Welcome
69%
around
62%
city
62%
face
62%
living
62%
Look
62%
new
62%
once
62%
pretty
62%
right
62%
streets
62%
We're
62%
we're
62%
what
62%
wrong?
62%
But
54%
creepin'
54%
Now
54%
play
54%
remember
54%
this
54%
waitin'
54%
was
54%
at
46%
celebration,
46%
I'll
46%
Never
46%
oh
46%
pity
46%
pleased
46%
smiles
46%
way
46%
mind
38%
up
38%
waiting
38%
Sky's
31%

Score Distribution

Percentile by Number Answered

Percent of People with Each Score

Your Score History

You have not taken this quiz